000
00252nam a2200097Ia 4500
008
230508s2013 xx 000 0 und d
041
_a
eng
100
_a
SALUNKHE N.S.
245
_a
MECHANICAL ENGINEERING MATERIALS
260
_b
TECH-MAX PUBLICATION
_c
2013
999
_c
340805
_d
340805